| 000 | 00351nam a2200145Ia 4500 | ||
|---|---|---|---|
| 008 | 230917s9999||||xx |||||||||||||| ||und|| | ||
| 040 |
_e152622 _aMAIN |
||
| 041 | _aEnglish | ||
| 082 | _a294.1 A39A | ||
| 100 | _aNarain | ||
| 245 | 0 | _aAghralayam Grahsutram | |
| 260 |
_aPune _bAnand Ashram Mudranalaya _c1978 |
||
| 300 | _a223 p. + 14 | ||
| 942 | _cBK | ||
| 999 |
_c209237 _d209237 |
||